Alle Länder mit T - Statistiken

Allgemein
  • Dieses Quiz wurde 202 mal gespielt
  • Das Durchschnittsergebnis liegt bei 9 aus 13
Antwortstatistiken
Nr Antwort % Korrekt
12 Turkmenistan
86%
5 Togo
84%
11 Türkei
84%
3 Tansania
81%
4 Thailand
79%
1 Tadschikistan
76%
10 Tunesien
73%
6 Tonga
68%
13 Tuvalu
67%
7 Trinidad und Tobago
60%
8 Tschad
60%
9 Tschechien
59%
2 Taiwan
58%
Keine übereinstimmenden Quizze gefunden
Verteilung der Resultate
Anzahl Personen mit jedem Resultat
Perzentil nach korrekt beantworteten Fragen
Ihre Resultats-Entwicklung
Sie haben dieses Quiz noch nicht gespielt